LIBRARY & INFORMATION CENTRE, KCAET, TAVANUR

ONLINE PUBLIC ACCESS CATALOGUE (OPAC)

Principles of Traffic and Highway Engineering (Record no. 14405)

MARC details
000 -LEADER
fixed length control field 00339nam a22001337a 4500
020 ## - INTERNATIONAL STANDARD BOOK NUMBER
ISBN 9788131512463
082 ## - DEWEY DECIMAL CLASSIFICATION NUMBER
Classification number 625.7
Item number GAR/PR
100 ## - MAIN ENTRY--AUTHOR NAME
Personal name Garber,Nicholas J.
100 ## - MAIN ENTRY--AUTHOR NAME
Personal name Raju Sarkar
245 ## - TITLE STATEMENT
Title Principles of Traffic and Highway Engineering
260 ## - PUBLICATION, DISTRIBUTION, ETC. (IMPRINT)
Place of publication New Delhi
Name of publisher Cengage Learning
Year of publication 2012
300 ## - PHYSICAL DESCRIPTION
Number of Pages 991
942 ## - ADDED ENTRY ELEMENTS (KOHA)
Koha item type Books
Holdings
Withdrawn status Lost status Damaged status Collection code Home library Current library Shelving location Date acquired Source of acquisition Cost, normal purchase price Full call number Accession Number Koha item type
        KAUAET KAUAET General Stacks 30/03/2013 Aman Book Stall, Calicut 695.00 625.7 GAR/PR 24100 Books
free website counter